Loading...
Thirty three strategies of war
| Main Author: | |
|---|---|
| Format: | Printed Book |
| Published: |
GB
Profile books
2006
|
| Subjects: |
| LEADER | 00382nam a22001217a 4500 | ||
|---|---|---|---|
| 082 | |a 352.02 |b GRE.S | ||
| 100 | |a Robert Greene | ||
| 245 | |a Thirty three strategies of war | ||
| 260 | |a GB |b Profile books |c 2006 | ||
| 650 | |a war | ||
| 942 | |c BK | ||
| 999 | |c 942 |d 942 | ||
| 952 | |0 0 |1 0 |4 0 |6 352_020000000000000_GRE_S |7 0 |8 NFIC |9 931 |a CAMPUS |b CAMPUS |d 2014-12-22 |l 0 |o 352.02 GRE.S |p 18563 |r 2014-12-22 |w 2014-12-22 |y BK | ||